000 00725nmc a2200277 a 4500
003 AR-BaBNM
005 20251128204453.0
008 037019s1992 ||||||||||||||000 | spa||
020 _a950-07-0720-9
040 _cAR-BaBNM
100 1 _aCabal, Graciela Beatriz
245 1 0 _aPapanuel
260 _aBuenos Aires
_bSudamericana
_c1992
300 _a14 p.
_bil.
490 0 _aLibros del bolsillo
_vv. 21
500 _aContiene nota de la editora a los lectores
650 4 _aLITERATURA ARGENTINA
650 4 _aCUENTOS
650 4 _aLITERATURA INFANTIL
650 4 _aLIBROS PARA NINOS
655 _aLITERATURA
700 1 _aPrestifilippo, Pablo
_eilustrador
800 0 _aCanela
942 _cBK
998 _cLAURA
999 _c7553
_d7553